| 000 | 00475nam a2200193Ia 4500 | ||
|---|---|---|---|
| 005 | 20250603144605.0 | ||
| 008 | 250603s9999 xx 000 0 und d | ||
| 020 | _a9780323287838 | ||
| 050 | _aRC 346 .N48/ | ||
| 100 | _aDaroff, Robert B...[et al.] | ||
| 245 | 0 | _aBradley’s neurology in clinical practice (Vol.2) | |
| 250 | _a7th ed. | ||
| 260 | _aNew York | ||
| 260 | _bElsevier | ||
| 260 | _c2016 | ||
| 300 | _a713 - 1144 p | ||
| 650 | _aNew York | ||
| 942 | _cBK | ||
| 999 |
_c39371 _d39371 |
||